书目信息 |
| 题名: |
单片机原理及应用技术
|
|
| 作者: | 黄仁欣 主编 | |
| 分册: | ||
| 出版信息: | 北京 清华大学出版社 2005.3 |
|
| 页数: | XII,241页 | |
| 开本: | 26cm | |
| 丛书名: | ||
| 单 册: | ||
| 中图分类: | TP368.1-43 | |
| 科图分类: | ||
| 主题词: | 单片微型计算机--dan pian wei xing ji suan ji--高等学校--技术学校--教材 , 单片微型计算机--dan pian wei xing ji suan ji | |
| 电子资源: | ||
| ISBN: | 7-302-10426-3 | |
| 000 | 01135nam0 2200313 450 | |
| 000 | 01154nam0 2200313 450 | |
| 000 | 01117nam0 2200301 450 | |
| 000 | 01074nam0 2200289 450 | |
| 000 | 01063nam0 2200289 450 | |
| 000 | 01026nam0 2200277 45 | |
| 001 | 012005000794 | |
| 005 | 20051214084005.64 | |
| 010 | @a7-302-10426-3@dCNY22.00 | |
| 100 | @a20050524d2005 em y0chiy0121 ea | |
| 101 | 0 | @achi |
| 102 | @aCN@b110000 | |
| 105 | @ay z 000yy | |
| 200 | 1 | @a单片机原理及应用技术@Adan pian ji yuan li ji ying yong ji shu@f黄仁欣主编 |
| 210 | @a北京@c清华大学出版社@d2005.3 | |
| 215 | @aXII,241页@d26cm | |
| 300 | @a21世纪应用型人才培养规划教材 | |
| 320 | @a有书目 | |
| 330 | @a本书以目前融解和最广泛的MCS-51系列单片机为主,从应用角度介绍单片机的基本工作原理、内部各功能部件和结构及应用、程序设计方法、系统扩展及接口技术等内容。 | |
| 606 | 0 | @a单片微型计算机@Adan pian wei xing ji suan ji@x高等学校@x技术学校@j教材 |
| 606 | 0 | @a单片微型计算机@Adan pian wei xing ji suan ji |
| 690 | @aTP368.1-43@v4 | |
| 701 | 0 | @a黄仁欣@Ahuang ren xin@4主编 |
| 801 | 0 | @aCN@bSRXX@c20051214 |
| 905 | @a10447@dTP368.1-43@eH870 | |
| 单片机原理及应用技术/黄仁欣主编.-北京:清华大学出版社,2005.3 |
| XII,241页;26cm |
| 21世纪应用型人才培养规划教材 |
| ISBN 7-302-10426-3:CNY22.00 |
| 本书以目前融解和最广泛的MCS-51系列单片机为主,从应用角度介绍单片机的基本工作原理、内部各功能部件和结构及应用、程序设计方法、系统扩展及接口技术等内容。 |
| ● |
| 相关链接 |
|
|
|
正题名:单片机原理及应用技术
索取号:TP368.1-43/H870
 
预约/预借
| 序号 | 登录号 | 条形码 | 馆藏地/架位号 | 状态 | 备注 |
| 1 | 548552 | 205485526 | 自科库301/301自科库 63排5列5层/ [索取号:TP368.1-43/H870] | 在馆 | |
| 2 | 548553 | 205485535 | 自科二线404/301自科库 58排6列2层/ [索取号:TP368.1-43/H870] | 在馆 | |
| 3 | 548554 | 205485544 | 自科库301/301自科库 63排5列5层/ [索取号:TP368.1-43/H870] | 在馆 |